Fangs of ice : The story of Siachen (Record no. 63260)

000 -LEADER
fixed length control field 00458nam a22001697a 4500
003 - CONTROL NUMBER IDENTIFIER
control field NUST - PNEC
005 - DATE AND TIME OF LATEST TRANSACTION
control field 20170116180808.0
008 - FIXED-LENGTH DATA ELEMENTS--GENERAL INFORMATION
fixed length control field 150423b xxu||||| |||| 00| 0 eng d
020 ## - INTERNATIONAL STANDARD BOOK NUMBER
International Standard Book Number 9698152008
040 ## - CATALOGING SOURCE
Transcribing agency LIBRARY
082 ## - DEWEY DECIMAL CLASSIFICATION NUMBER
Classification number 358.44 ISH
100 ## - MAIN ENTRY--PERSONAL NAME
9 (RLIN) 3126
Personal name Ali Syed Ishfaq
245 ## - TITLE STATEMENT
Title Fangs of ice : The story of Siachen
Statement of responsibility, etc. Syed Ishfaq Ali
260 ## - PUBLICATION, DISTRIBUTION, ETC.
Place of publication, distribution, etc. Rawalpindi :
Name of publisher, distributor, etc. Pak American Commercial ;
Date of publication, distribution, etc. c1991.
300 ## - PHYSICAL DESCRIPTION
Extent 161 p. :
942 ## - ADDED ENTRY ELEMENTS (KOHA)
Source of classification or shelving scheme
Koha item type Book
Holdings
Withdrawn status Lost status Source of classification or shelving scheme Damaged status Not for loan Permanent Location Current Location Shelving location Date acquired Source of acquisition Cost, normal purchase price Total Checkouts Full call number Barcode Date last seen Cost, replacement price Price effective from Koha item type
          Pakistan Navy Engineering College (PNEC) Pakistan Navy Engineering College (PNEC)   02/15/1992 Pak American Commercial / Library / Reference Grant 250.00   358.44 ISH PNECLIB-016108 04/23/2015 250.00 02/15/1992 Book
© 2023 Central Library, National University of Sciences and Technology. All Rights Reserved.